Every American Country by Shape - One Minute Sprint - Statistics

General Stats
  • This quiz has been taken 81 times
  • The average score is 17 of 35
Answer Stats
Picture Answer % Correct
Canada
100%
Chile
100%
United States
100%
Brazil
98%
Mexico
98%
Argentina
97%
Cuba
93%
Panama
83%
Peru
82%
Colombia
78%
Haiti
70%
Bolivia
67%
Ecuador
63%
Dominican Republic
62%
Trinidad and Tobago
62%
Guyana
50%
Costa Rica
33%
Jamaica
32%
Paraguay
30%
Venezuela
28%
Belize
27%
Barbados
25%
El Salvador
25%
Guatemala
25%
Nicaragua
22%
Honduras
17%
Dominica
15%
Saint Lucia
13%
Antigua and Barbuda
12%
Bahamas
12%
Suriname
8%
Grenada
7%
Uruguay
7%
Saint Kitts and Nevis
5%
Saint Vincent and the Grenadines
5%
No matching quizzes found
Score Distribution
Percent of People with Each Score
Percentile by Number Answered
Your Score History
You have not taken this quiz